000 01095cam a2200349 a 4500
001 3974
003 FISKH
005 20240529081153.0
008 011207s2002 caua b 000 1 eng
010 _a 2001007733
020 _a0152045848 (pbk.)
020 _a9780152048433
020 _a0152045856
040 _aDLC
_cDLC
_dDLC
_beng
042 _alcac
050 0 0 _aPZ7.T58
_bEn 2002
082 0 0 _a398.2
100 1 _aTolstoy, Aleksey
_d1883-1945.
245 1 4 _aThe enormous turnip /
_cAlexei Tolstoy ; illustrated by Scott Goto.
260 _aNew York :
_bHarcourt,
_c2003.
300 _a24 unnumbered pages :
_bcolor illustrations ;
_c23 cm
505 _aJ
520 _aA cumulative tale in which the turnip planted by an old man grows so enormous that everyone must help to pull it up.
521 8 _a460
_bLexile estimate
521 8 _aJ
_bRaz-Plus
650 1 _aTurnips
_vFiction.
650 1 _aCooperativeness
_vFiction.
700 1 _aGoto, Scott
_eillustrator
906 _a7
_bcbc
_corignew
_d1
_eecip
_f20
_gy-gencatlg
942 _2ddc
_cBK
_n0
999 _c3974
_d3974